Cambiar, interrumpir o abandonar : (Record no. 44840)

MARC details
000 -CABECERA
campo de control de longitud fija 00864nam a2200217 a 4500
005 - FECHA Y HORA DE LA ÚLTIMA TRANSACCIÓN
campo de control 20220629085754.0
008 - ELEMENTOS DE LONGITUD FIJA--INFORMACIÓN GENERAL
campo de control de longitud fija 010313s2013 mx r 000 0 spa d
020 ## - NÚMERO INTERNACIONAL NORMALIZADO PARA LIBROS
Número Internacional Estándar del Libro 9786074510720
035 ## - NÚMERO DE CONTROL DEL SISTEMA
Número de control de sistema UPN01000044840
049 ## - COLECCIÓN
Colección CG
050 #4 - SIGNATURA TOPOGRÁFICA DE LA BIBLIOTECA DEL CONGRESO
Número de clasificación LA428.7
Número de documento/Ítem R2.3 2013
100 1# - ASIENTO PRINCIPAL--NOMBRE PERSONAL
Nombre de persona Ramírez García, Rosalba Genoveva
9 (RLIN) 33459
245 10 - MENCIÓN DE TÍTULO
Título Cambiar, interrumpir o abandonar :
Resto del título la construcción de experiencias de los estudiantes en su tránsito por una institución de educación superior tecnológica /
Mención de responsabilidad, etc. Rosalba Genoveva Ramírez García.
250 ## - MENCIÓN DE EDICIÓN
Mención de edición 2a ed.
260 ## - PUBLICACIÓN, DISTRIBUCIÓN, ETC.
Lugar de publicación, distribución, etc. México :
Nombre del editor, distribuidor, etc. ANUIES,
Fecha de publicación, distribución, etc. 2013.
300 ## - DESCRIPCIÓN FÍSICA
Extensión 293 p. :
Otras características físicas gráfs., cuadros
440 #0 - MENCIÓN DE SERIE/ASIENTO SECUNDARIO--TÍTULO
Título Biblioteca de la educación superior.
Nombre de parte o sección de la obra Investigaciones
650 #4 - ASIENTO SECUNDARIO DE MATERIA - TERMINO TEMATICO
Término de materia o nombre geográfico como elemento de entrada Estudiantes universitarios
Subdivisión geográfica México
9 (RLIN) 11867
650 #4 - ASIENTO SECUNDARIO DE MATERIA - TERMINO TEMATICO
Término de materia o nombre geográfico como elemento de entrada TECNOLOGIA -
Subdivisión general ESTUDIO Y ENSEÑANZA (SUPERIOR) -
Subdivisión geográfica MEXICO
9 (RLIN) 25438
905 ## - TIPO DE MATERIAL
Tipo de material Libro
Holdings
Estado de retiro Estado de pérdida Fuente del sistema de clasificación o colocación Estado dañado No para préstamo Código de colección Localización permanente Ubicación/localización actual Ubicación en estantería Total de préstamos Clasificación Código de barras Fecha visto por última vez Número de copia Tipo de ítem Koha
    Library of Congress Classification     Colección General Bib. Gregorio Torres Quintero Bib. Gregorio Torres Quintero Planta baja 5 LA428.7 R2.3 2013 301175 31/12/2020 1 Libro